[Event "XXXI C.to Italiano ASCI"]
[Site "Silvi Marina ITA"]
[Date "2003.08.30"]
[Round "1"]
[White "Fracas, Aldo"]
[Black "Vitale, Giacomo"]
[Result "0-1"]
[WhiteElo "1504"]
[BlackElo "1764"]
[PlyCount "46"]
[EventDate "2003.08.30"]

1. d4 Nf6 2. c4 e5 3. d5 Bb4+ 4. Bd2 Bxd2+ 5. Nxd2 d6 6. e4 Nbd7 7. b4 c6 8.
Ngf3 a5 9. a3 axb4 10. axb4 Rxa1 11. Qxa1 Qb6 12. Qb1 Ng4 13. c5 dxc5 14. Nc4
Qxb4+ 15. Qxb4 cxb4 16. Nd6+ Ke7 17. Nf5+ Kf6 18. dxc6 bxc6 19. h3 Nh6 20. Nxh6
gxh6 21. Bd3 Nc5 22. Bb1 Ba6 23. Kd2 Rd8+ 0-1

[Event "XXXI C.to Italiano ASCI"]
[Site "Silvi Marina ITA"]
[Date "2003.08.30"]
[Round "1"]
[White "Kowalczyk, Martin"]
[Black "Ragusi, Gianluca"]
[Result "1-0"]
[WhiteElo "2066"]
[BlackElo "1531"]
[PlyCount "63"]
[EventDate "2003.08.30"]

1. e4 e5 2. Nf3 Nc6 3. Bb5 a6 4. Bxc6 dxc6 5. O-O Bg4 6. h3 Bxf3 7. Qxf3 f6 8.
Qb3 b6 9. d3 Qd7 10. Be3 Bd6 11. a4 a5 12. Nd2 h5 13. f4 exf4 14. Bxf4 Bc5+ 15.
Kh1 g5 16. d4 Bxd4 17. Nf3 gxf4 18. Rad1 O-O-O 19. c3 Qe7 20. Nxd4 Qxe4 21.
Rfe1 Qg6 22. Qe6+ Kb7 23. Qxc6+ Kb8 24. Nb5 Rc8 25. Rd8 Ne7 26. Rxc8+ Rxc8 27.
Rxe7 Qb1+ 28. Kh2 Qd3 29. Nxc7 Qg3+ 30. Kg1 Qe3+ 31. Rxe3 fxe3 32. Na6+ 1-0

[Event "XXXI C.to Italiano ASCI"]
[Site "Silvi Marina ITA"]
[Date "2003.08.31"]
[Round "2"]
[White "Gasperoni, Claudio"]
[Black "Kowalczyk, Martin"]
[Result "0-1"]
[WhiteElo "1531"]
[BlackElo "2066"]
[PlyCount "44"]
[EventDate "2003.08.30"]

1. d4 Nf6 2. c4 e6 3. Nf3 b6 4. Bg5 Be7 5. e3 Bb7 6. Nbd2 O-O 7. Be2 d5 8. Rc1
Nbd7 9. Qc2 c5 10. O-O cxd4 11. Nxd4 Rc8 12. Qa4 dxc4 13. Bxc4 a6 14. Bxe6 Rxc1
15. Rxc1 Nc5 16. Bxf7+ Rxf7 17. Qc2 Qd5 18. N4f3 Qxa2 19. Ne5 Rf8 20. Ndc4 b5
21. Nb6 Qe6 22. Bxf6 Rxf6 0-1

[Event "XXXI C.to Italiano ASCI"]
[Site "Silvi Marina ITA"]
[Date "2003.08.31"]
[Round "2"]
[White "Vitale, Giacomo"]
[Black "Pugliese, Giuseppe"]
[Result "1/2-1/2"]
[WhiteElo "1764"]
[BlackElo "1602"]
[PlyCount "28"]
[EventDate "2003.08.30"]

1. e4 c5 2. Nf3 e6 3. d4 cxd4 4. Nxd4 a6 5. Nc3 Qc7 6. a3 b5 7. g3 Bb7 8. Bg2
b4 9. axb4 Bxb4 10. Nde2 Nf6 11. O-O O-O 12. Bg5 Be7 13. Bf4 e5 14. Be3 Bc5
1/2-1/2

[Event "XXXI C.to Italiano ASCI"]
[Site "Silvi Marina ITA"]
[Date "2003.09.01"]
[Round "3"]
[White "Kowalczyk, Martin"]
[Black "Zolet, Antonio"]
[Result "1-0"]
[WhiteElo "2066"]
[BlackElo "1639"]
[PlyCount "46"]
[EventDate "2003.08.30"]

1. e4 c5 2. Nf3 Nc6 3. Bb5 Qb6 4. Nc3 e6 5. O-O Nd4 6. a4 a6 7. Bc4 Nf6 8. d3
g6 9. Nxd4 cxd4 10. Qf3 Bg7 11. Ne2 e5 12. c3 d5 13. exd5 Bg4 14. Qg3 Bxe2 15.
Re1 Ne4 16. Qh4 Nxf2 17. Qxf2 Bg4 18. h3 Bd7 19. d6 Qxd6 20. Qxf7+ Kd8 21. Qxg7
Rf8 22. Qxe5 Qxe5 23. Rxe5 Rf6 1-0

[Event "XXXI C.to Italiano ASCI"]
[Site "Silvi Marina ITA"]
[Date "2003.09.01"]
[Round "3"]
[White "Tamagni, Ernesto"]
[Black "Vitale, Giacomo"]
[Result "0-1"]
[WhiteElo "1444"]
[BlackElo "1764"]
[PlyCount "112"]
[EventDate "2003.08.30"]

1. d4 d5 2. c4 Bf5 3. Nc3 e6 4. Nf3 Nf6 5. Bg5 c6 6. c5 h6 7. Bh4 Nbd7 8. e3
Qa5 9. Bd3 Bxd3 10. Qxd3 Ne4 11. O-O Nxc3 12. bxc3 Be7 13. Bg3 O-O 14. Nd2 b6
15. Bc7 Rfc8 16. cxb6 axb6 17. Bf4 Qa6 18. Qc2 c5 19. Rfc1 cxd4 20. exd4 Ba3
21. Rcb1 Rc6 22. Rb3 Rac8 23. Nb1 Be7 24. Bd2 Qe2 25. Na3 Bg5 26. f4 Bf6 27.
Re1 Bxd4+ 28. cxd4 Qxe1+ 29. Bxe1 Rxc2 30. Nxc2 Rxc2 31. a3 Rc4 32. Rd3 Nb8 33.
Bd2 Nc6 34. Be3 Na5 35. Bd2 Nc6 36. Be3 b5 37. Kf2 b4 38. axb4 Nxb4 39. Rd2 Nc2
40. Rd3 Kf8 41. Ke2 Ke7 42. g3 Nxe3 43. Kxe3 Rc2 44. Rd2 Rxd2 45. Kxd2 Kf6 46.
Ke3 Kf5 47. Kf3 h5 48. h3 Kf6 49. g4 hxg4+ 50. hxg4 g5 51. Kg3 Kg6 52. Kf3 f5
53. Kg3 Kf6 54. Kf3 gxf4 55. Kxf4 fxg4 56. Kxg4 e5 0-1

[Event "XXXI C.to Italiano ASCI"]
[Site "Silvi Marina ITA"]
[Date "2003.09.02"]
[Round "4"]
[White "Gasperoni, Claudio"]
[Black "Melle, Ezio"]
[Result "1-0"]
[WhiteElo "1531"]
[BlackElo "1743"]
[PlyCount "69"]
[EventDate "2003.08.30"]

1. d4 Nf6 2. c4 c5 3. d5 e6 4. Nc3 exd5 5. cxd5 d6 6. e4 g6 7. Bd3 Bg7 8. Nge2
O-O 9. Ng3 Re8 10. O-O a6 11. a4 Nbd7 12. f4 Qc7 13. Kh1 Rb8 14. e5 dxe5 15. f5
Nb6 16. fxg6 hxg6 17. Bc2 Rd8 18. Bg5 Nbxd5 19. Qf3 Bg4 20. Nxd5 Rxd5 21. Qb3
c4 22. Qe3 Nh5 23. Nxh5 Bxh5 24. h3 Qd6 25. g4 Rd2 26. Qxd2 Qxd2 27. Bxd2 Rd8
28. Bc3 e4 29. Bxg7 Kxg7 30. Bxe4 Rd2 31. Bxb7 Rxb2 32. Bxa6 c3 33. gxh5 gxh5
34. Rfc1 c2 35. Bd3 1-0

[Event "XXXI C.to Italiano ASCI"]
[Site "Silvi Marina ITA"]
[Date "2003.09.02"]
[Round "4"]
[White "Vitale, Giacomo"]
[Black "Kowalczyk, Martin"]
[Result "1-0"]
[WhiteElo "1764"]
[BlackElo "2066"]
[PlyCount "121"]
[EventDate "2003.08.30"]

1. e4 e5 2. Nf3 Nf6 3. Nxe5 d6 4. Nf3 Nxe4 5. d4 d5 6. Bd3 Be7 7. O-O Nc6 8. c4
Nf6 9. h3 O-O 10. a3 Be6 11. c5 h6 12. Nc3 a6 13. Be3 Qc8 14. Ne2 Bf5 15. Bxf5
Qxf5 16. Ng3 Qc8 17. Qd3 Re8 18. b4 Bf8 19. Rfe1 Ne4 20. Bd2 f5 21. Nh4 Ne7 22.
Nxe4 fxe4 23. Qg3 Kh7 24. f3 exf3 25. Nxf3 c6 26. Ne5 g6 27. Rf1 Bg7 28. Rf7
Kg8 29. Raf1 Bxe5 30. Qxe5 Nf5 31. Qf6 Re6 32. Rf8+ Qxf8 33. Qxe6+ Kg7 34. Qe5+
Kg8 35. g4 Re8 36. Qh2 Nh4 37. Rxf8+ Rxf8 38. Qe2 g5 39. Qe6+ Kg7 40. Qe5+ Rf6
41. Qe2 Kf7 42. Qd3 Kg7 43. a4 Rf3 44. Qe2 Rf6 45. Be1 Nf3+ 46. Kg2 Nxe1+ 47.
Qxe1 Kg6 48. h4 gxh4 49. Qxh4 Kg7 50. Qh5 Kf8 51. Qe5 Kg7 52. Kg3 Kg6 53. Kh4
Rf1 54. Qe8+ Rf7 55. Qg8+ Rg7 56. Qe6+ Kh7 57. Qf5+ Kg8 58. Kh5 Rg5+ 59. Qxg5+
hxg5 60. Kxg5 Kg7 61. Kf5 1-0

[Event "XXXI C.to Italiano ASCI"]
[Site "Silvi Marina ITA"]
[Date "2003.09.02"]
[Round "4"]
[White "Zolet, Antonio"]
[Black "Fratini, Mauro"]
[Result "0-1"]
[WhiteElo "1639"]
[BlackElo "1579"]
[PlyCount "90"]
[EventDate "2003.08.30"]

1. e4 Nf6 2. Nc3 d5 3. exd5 Nxd5 4. Nxd5 Qxd5 5. Nf3 Bg4 6. Be2 e6 7. O-O Be7
8. h3 Bh5 9. d4 c6 10. b3 Nd7 11. c4 Qa5 12. Bd2 Qd8 13. Bc3 Bf6 14. Re1 O-O
15. Ne5 Bxe2 16. Qxe2 g6 17. Rad1 Qc7 18. Ng4 Bg7 19. Qf3 h5 20. Ne5 Rad8 21.
Nxd7 Rxd7 22. g4 hxg4 23. Qxg4 Qd8 24. Kh1 c5 25. Rd3 cxd4 26. Red1 e5 27. Ba5
b6 28. Bb4 Re8 29. f3 Bf6 30. Be1 Kg7 31. Bg3 Rh8 32. Qe4 Rxh3+ 33. Kg2 Rh5 34.
f4 Re7 35. fxe5 Bxe5 36. Bxe5+ Rexe5 37. Qxd4 Rhg5+ 38. Rg3 Rxg3+ 39. Kxg3 Qxd4
40. Rxd4 Re2 41. a3 Re3+ 42. Kf4 Rxb3 43. c5 bxc5 44. Rc4 Rxa3 45. Rxc5 a5 0-1

[Event "XXXI C.to Italiano ASCI"]
[Site "Silvi Marina ITA"]
[Date "2003.09.03"]
[Round "5"]
[White "Fratini, Mauro"]
[Black "Vitale, Giacomo"]
[Result "1-0"]
[WhiteElo "1579"]
[BlackElo "1764"]
[PlyCount "55"]
[EventDate "2003.08.30"]

1. d4 Nf6 2. Nf3 e6 3. Bf4 d6 4. e3 b6 5. Nbd2 Bb7 6. c3 Nbd7 7. Bd3 Be7 8. h3
c5 9. O-O O-O 10. a4 Re8 11. Nc4 Nf8 12. Re1 d5 13. Ncd2 Bd6 14. Ne5 Bxe5 15.
Bxe5 N8d7 16. Nf3 Nxe5 17. Nxe5 c4 18. Bb1 Qe7 19. f4 Nd7 20. Rf1 f6 21. Bxh7+
Kxh7 22. Qh5+ Kg8 23. Ng6 Qd6 24. Rf3 Nf8 25. Qh8+ Kf7 26. Ne5+ Ke7 27. Qxg7+
Kd8 28. Nf7+ 1-0

[Event "XXXI C.to Italiano ASCI"]
[Site "Silvi Marina ITA"]
[Date "2003.09.04"]
[Round "6"]
[White "Damiani, Lorenzo"]
[Black "Pugliese, Giuseppe"]
[Result "1-0"]
[WhiteElo "1606"]
[BlackElo "1602"]
[PlyCount "101"]
[EventDate "2003.08.30"]

1. d4 Nf6 2. c4 c5 3. d5 g6 4. Nc3 Bg7 5. e4 O-O 6. Nf3 d6 7. Bd3 Nbd7 8. h3 h6
9. Be3 Nh7 10. Qd2 g5 11. h4 g4 12. Nh2 Ne5 13. Be2 h5 14. Bh6 f5 15. Bxg7 Kxg7
16. f4 gxf3 17. gxf3 f4 18. O-O-O Rf6 19. Rdg1+ Kf7 20. Bd3 Bh3 21. Ne2 Ng6 22.
e5 dxe5 23. Nxf4 exf4 24. Bxg6+ Rxg6 25. Rxg6 Kxg6 26. Qxf4 Nf6 27. Qg3+ Kh7
28. Qxh3 Qg8 29. Re1 Qf7 30. Qf5+ Kg7 31. Nf1 Ng8 32. Ng3 Qxf5 33. Nxf5+ Kg6
34. Nxe7+ Nxe7 35. Rxe7 Rf8 36. Rxb7 Rxf3 37. Rxa7 Rf4 38. Ra6+ Kf5 39. b3 Rxh4
40. Rh6 Rh1+ 41. Kb2 Rh2+ 42. Ka3 Rh3 43. Ka4 Kg5 44. Rh8 Rh2 45. a3 Rb2 46. b4
cxb4 47. axb4 Ra2+ 48. Kb5 Ra7 49. Kb6 Rg7 50. d6 Kg6 51. c5 1-0

[Event "XXXI C.to Italiano ASCI"]
[Site "Silvi Marina ITA"]
[Date "2003.09.04"]
[Round "6"]
[White "Fratini, Mauro"]
[Black "Kowalczyk, Martin"]
[Result "0-1"]
[WhiteElo "1579"]
[BlackElo "2066"]
[PlyCount "110"]
[EventDate "2003.08.30"]

1. d4 Nf6 2. Bf4 b6 3. e3 Bb7 4. Nf3 e6 5. Nbd2 Be7 6. Bd3 d5 7. c3 O-O 8. h3
Nbd7 9. O-O c5 10. Ne5 Nxe5 11. Bxe5 Nd7 12. Bg3 c4 13. Bc2 b5 14. f4 g6 15.
Nf3 a5 16. h4 h5 17. Qb1 f5 18. Ng5 Ra6 19. a3 Qc7 20. Nf3 Nf6 21. Ne5 Kg7 22.
Be1 Rfa8 23. Bd2 Qb6 24. Qe1 b4 25. axb4 axb4 26. Rxa6 Bxa6 27. cxb4 c3 28.
bxc3 Bxf1 29. Qxf1 Ra2 30. Qd3 Qa6 31. Kf2 Ng4+ 32. Nxg4 hxg4 33. g3 Qa3 34.
Bb1 Ra1 35. Qc2 Qa4 36. Qxa4 Rxa4 37. Bd3 Kf7 38. Ke2 Bd6 39. Bc2 Ra2 40. Bd3
Ke7 41. Bb5 Kf7 42. Bd7 Be7 43. Bb5 Bxh4 44. c4 Bxg3 45. c5 Bh4 46. c6 Bd8 47.
Ke1 Ke7 48. Bf1 Kd6 49. b5 Ba5 50. Bxa5 Rxa5 51. Kf2 Kc7 52. Kg3 Ra1 53. Be2
Kb6 54. Kf2 Ra2 55. Kf1 g3 0-1

[Event "XXXI C.to Italiano ASCI"]
[Site "Silvi Marina ITA"]
[Date "2003.09.04"]
[Round "6"]
[White "Melle, Ezio"]
[Black "Papa, Pasquale"]
[Result "1/2-1/2"]
[WhiteElo "1743"]
[BlackElo "1660"]
[PlyCount "36"]
[EventDate "2003.08.30"]

1. e4 d5 2. exd5 Qxd5 3. Nc3 Qa5 4. Nf3 Bg4 5. Bc4 e6 6. O-O Nf6 7. h3 Bxf3 8.
Qxf3 c6 9. d4 Nbd7 10. Bf4 Bb4 11. a3 Bxc3 12. bxc3 Nd5 13. Bxd5 Qxd5 14. Qg3
g6 15. Rab1 b6 16. Qd3 b5 17. a4 a6 18. axb5 axb5 1/2-1/2

[Event "XXXI C.to Italiano ASCI"]
[Site "Silvi Marina ITA"]
[Date "2003.09.04"]
[Round "6"]
[White "Vitale, Giacomo"]
[Black "Gasperoni, Claudio"]
[Result "1/2-1/2"]
[WhiteElo "1764"]
[BlackElo "1531"]
[PlyCount "33"]
[EventDate "2003.08.30"]

1. e4 e5 2. Nf3 Nc6 3. Bb5 a6 4. Bxc6 dxc6 5. O-O Bg4 6. d4 exd4 7. Qxd4 Bxf3
8. Qxd8+ Rxd8 9. gxf3 g6 10. Bf4 Rd7 11. Nd2 Bg7 12. c3 Nf6 13. Nc4 O-O 14. Na5
Nh5 15. Be3 Rb8 16. Rad1 Rd6 17. Ba7 1/2-1/2

[Event "XXXI C.to Italiano ASCI"]
[Site "Silvi Marina ITA"]
[Date "2003.09.05"]
[Round "7"]
[White "Accossano, Paolo"]
[Black "Fratini, Mauro"]
[Result "0-1"]
[WhiteElo "1579"]
[BlackElo "1579"]
[PlyCount "62"]
[EventDate "2003.08.30"]

1. e4 d5 2. exd5 Qxd5 3. Nc3 Qa5 4. d4 Nf6 5. Nf3 Bg4 6. Bc4 e6 7. O-O c6 8. h3
Bh5 9. g4 Bg6 10. Ne5 Qc7 11. Qf3 Bd6 12. Nxg6 hxg6 13. Bg5 Nbd7 14. a3 O-O-O
15. b4 a6 16. Rfb1 Nb6 17. Be2 Nbd5 18. Nxd5 exd5 19. a4 Rde8 20. Bxf6 gxf6 21.
b5 cxb5 22. axb5 a5 23. b6 Qe7 24. Bb5 Qe4 25. Qc3+ Kd8 26. Re1 Qf4 27. Rxe8+
Rxe8 28. Bxe8 Qh2+ 29. Kf1 Qh1+ 30. Ke2 Qe4+ 31. Kd2 Bb4 0-1

[Event "XXXI C.to Italiano ASCI"]
[Site "Silvi Marina ITA"]
[Date "2003.09.06"]
[Round "8"]
[White "Gasperoni, Claudio"]
[Black "Fratini, Mauro"]
[Result "1-0"]
[WhiteElo "1531"]
[BlackElo "1579"]
[PlyCount "79"]
[EventDate "2003.08.30"]

1. d4 d5 2. c4 e6 3. Nf3 Nf6 4. Bg5 Be7 5. Nc3 c6 6. e3 Nbd7 7. a3 h6 8. Bh4
O-O 9. cxd5 exd5 10. Bd3 Re8 11. O-O a6 12. Rc1 c5 13. Bb1 Nf8 14. Bxf6 Bxf6
15. dxc5 Bg4 16. Qxd5 Qxd5 17. Nxd5 Bxb2 18. Rc2 Bxa3 19. Nc7 Bxf3 20. gxf3 Ne6
21. Nxe8 Rxe8 22. c6 bxc6 23. Rxc6 a5 24. Ra6 Bb4 25. Ra7 h5 26. Ba2 Ng5 27.
Kg2 Rf8 28. h4 Nh7 29. Rc1 g5 30. Rcc7 gxh4 31. Rxf7 Rxf7 32. Rxf7 h3+ 33. Kg3
h4+ 34. Kh2 Kh8 35. f4 Bc3 36. Kxh3 Nf6 37. Kxh4 Ne4 38. Kh5 Nd6 39. Rd7 Nf5
40. e4 1-0